| 000 | 00404nam a2200145 a 4500 | ||
|---|---|---|---|
| 001 | 000033090 | ||
| 005 | 20200930070024.0 | ||
| 008 | 110817s1913 dr 000 0 spa d | ||
| 040 |
_aDO-SdBNP _bspa _cBNPHU |
||
| 100 | 1 |
_aRoques, Freites _958772 |
|
| 245 | 1 | 4 |
_aUna víctima americana / _cFreites Roques. |
| 260 |
_aSanto Domingo : _bImp. Vda García, _c1913. |
||
| 300 |
_a37 p. ; _c23 cm. |
||
| 049 | _aBNPD | ||
| 999 |
_c32581 _d32581 |
||